<?xml version="1.0" encoding="UTF-8"?>
<record
    xmlns:xsi="http://www.w3.org/2001/XMLSchema-instance"
    xsi:schemaLocation="http://www.loc.gov/MARC21/slim http://www.loc.gov/standards/marcxml/schema/MARC21slim.xsd"
    xmlns="http://www.loc.gov/MARC21/slim">

  <leader>00757nam a22001937a 4500</leader>
  <datafield tag="999" ind1=" " ind2=" ">
    <subfield code="c">164081</subfield>
    <subfield code="d">164081</subfield>
  </datafield>
  <controlfield tag="005">20211011145006.0</controlfield>
  <datafield tag="010" ind1=" " ind2=" ">
    <subfield code="a">UR-10087</subfield>
  </datafield>
  <datafield tag="020" ind1=" " ind2=" ">
    <subfield code="c">250.00</subfield>
    <subfield code="a">-</subfield>
  </datafield>
  <datafield tag="035" ind1=" " ind2=" ">
    <subfield code="a">U-8642</subfield>
  </datafield>
  <datafield tag="037" ind1=" " ind2=" ">
    <subfield code="b">DBAD/PUB</subfield>
  </datafield>
  <datafield tag="082" ind1=" " ind2=" ">
    <subfield code="a">840.08</subfield>
  </datafield>
  <datafield tag="100" ind1=" " ind2=" ">
    <subfield code="a">&#x688; &#x627; &#x6A9;&#x679;&#x631; &#x634;&#x64A;&#x648;  &#x64A;&#x6C1; &#x62A;&#x631; &#x67E;&#x627; &#x679;&#x6BE;&#x6CC; </subfield>
  </datafield>
  <datafield tag="245" ind1=" " ind2=" ">
    <subfield code="a"> &#x632; &#x627; &#x648; &#x6D3;-&#x6A9;&#x62A;&#x627; &#x628;&#x6CC; &#x633;&#x644;&#x633;&#x644;&#x6C1;&#x646;&#x645;&#x628;&#x631;-3-&#x62A;&#x627; &#x646;&#x64A;&#x62A;&#x6CC; &#x627; &#x62F; &#x628; </subfield>
    <subfield code="c">&#x688; &#x627; &#x6A9;&#x679;&#x631; &#x634;&#x64A;&#x648;  &#x64A;&#x6C1; &#x62A;&#x631; &#x67E;&#x627; &#x679;&#x6BE;&#x6CC;  </subfield>
  </datafield>
  <datafield tag="246" ind1=" " ind2=" ">
    <subfield code="b">&#x200D;Zaviye-Kitabi SilSila No.3 Tanisi Adab (Urdu)</subfield>
    <subfield code="a">by Dr.Shiviya Tirpathi </subfield>
  </datafield>
  <datafield tag="260" ind1=" " ind2=" ">
    <subfield code="a"> Delhi</subfield>
    <subfield code="b">Educational Publishing House</subfield>
    <subfield code="c">2018 &#x621;  </subfield>
  </datafield>
  <datafield tag="270" ind1=" " ind2=" ">
    <subfield code="a">3191&#x60C;Vakil Street,Kucha Pandit,Lal Kuan,</subfield>
    <subfield code="b">Delhi</subfield>
    <subfield code="e">110006</subfield>
    <subfield code="k">23216162</subfield>
    <subfield code="l">00911123211540</subfield>
  </datafield>
  <datafield tag="300" ind1=" " ind2=" ">
    <subfield code="a">271&#x635;</subfield>
    <subfield code="c">22 Cm.(bk)     </subfield>
  </datafield>
  <datafield tag="942" ind1=" " ind2=" ">
    <subfield code="2">ddc</subfield>
    <subfield code="c">UR</subfield>
    <subfield code="h">840.08</subfield>
    <subfield code="m">&#x62A; &#x631; &#x67E;  </subfield>
  </datafield>
  <datafield tag="952" ind1=" " ind2=" ">
    <subfield code="0">0</subfield>
    <subfield code="1">0</subfield>
    <subfield code="4">0</subfield>
    <subfield code="7">1</subfield>
    <subfield code="8">NFIC</subfield>
    <subfield code="a">DBAD</subfield>
    <subfield code="b">DBAD</subfield>
    <subfield code="d">2019-05-09</subfield>
    <subfield code="e">DBAD/PUB</subfield>
    <subfield code="g">250.00</subfield>
    <subfield code="l">0</subfield>
    <subfield code="o">840.08 &#x62A; &#x631; &#x67E;</subfield>
    <subfield code="p">U-8642</subfield>
    <subfield code="r">2019-05-09 00:00:00</subfield>
    <subfield code="t">1</subfield>
    <subfield code="v">250.00</subfield>
    <subfield code="w">2019-05-09</subfield>
    <subfield code="y">UR</subfield>
  </datafield>
</record>
